Longest U.S. Interstates Quiz - Statistics

General Stats
  • This quiz has been taken 162 times
  • The average score is 9 of 10
Answer Stats
Length (mi) Termini Interstate % Correct
2,460.34 Santa Monica, CA to Jacksonville, FL 10
98%
2,556.61 Barstow, CA to Wilmington, NC 40
98%
3,020.44 Seattle, WA to Boston, MA 90
98%
2,899.59 San Francisco, CA to Teaneck, NJ 80
97%
1,539.38 Scroggins Draw, TX to Florence, SC 20
96%
1,786.47 Miami Lakes, FL to Sault Ste. Marie, MI 75
94%
1,919.31 Miami, FL to Houlton, ME 95
94%
1,568.38 Laredo, TX to Duluth, MN 35
93%
2,172.16 Cove Fort, UT to Baltimore, MD 70
90%
1,585.20 Lockwood, MT to Port Huron, MI 94
77%
No matching quizzes found
Score Distribution
Percent of People with Each Score
Percentile by Number Answered
Your Score History
You have not taken this quiz